Valtioita osittaisten lippujen mukaan #1 - Statistics

Yleistilastot
  • Tätä visaa on pelattu 1 301 kertaa
  • Keskiarvotulos 13 / 16
Vastaustilastot
Kuvavisa Vastaus % Oikein
Kanada
100%
Belgia
97%
Kreikka
97%
Yhdysvallat
95%
Israel
94%
Turkki
94%
Etelä-Afrikka
89%
Qatar
83%
Uruguay
83%
Kuuba
81%
Ruotsi
79%
Venezuela
78%
Serbia
76%
Malta
63%
Uganda
62%
Papua-Uusi-Guinea
54%
Ehtoja vastaavia visoja ei löytynyt
Tulosjakauma
Jokaisen tuloksen saaneiden osuus
Persentiili vastausten määrän mukaan
Tuloshistoriasi
Et ole pelannut tätä visaa